Geología /
Guardado en:
| Autor Principal: | |
|---|---|
| Formato: | Libro |
| Publicado: |
Barcelona :
Daimon,
1974
|
| Materias: | |
| Etiquetas: |
Agregar Etiqueta
Sin Etiquetas, Sea el primero en etiquetar este registro!
|
| LEADER | 00563nam a22002055a 4500 | ||
|---|---|---|---|
| 001 | CEM.cems005434 | ||
| 005 | 20060220000000.0 | ||
| 008 | 130507s1974##################000#0#####d | ||
| 003 | CEMS | ||
| 082 | 0 | 4 | |a 550 |
| 100 | 1 | |a Rhodes, Frank H. | |
| 245 | 1 | 0 | |a Geología / |
| 260 | |a Barcelona : |b Daimon, |c 1974 | ||
| 300 | |a 160 p. | ||
| 505 | 0 | |a Que es la Geologia?. Las rocas. Los fenomenos geologicos. Historia de la Tierra | |
| 653 | |a Geologia | ||
| 653 | |a Rocas | ||
| 653 | |a Sismos | ||
| 653 | |a Volcanes | ||
| 859 | |a CEMS |b BIB. CEMS - 11 de abril |h 550 |i R346 |p 12560.83 |t Ej.1 | ||
